L'industrialisation spontaneé dans les régions périphériques du Nord et du Sud.
Zvláštnosti priemyslu v okrajových regiónoch sveta. Ich zložky a rozdiely. Priemysel vo vidieckom prostredí a jeho zvláštnosti. Industrializačné vlny do krízy v r. 1974. Živelná industrializácia v strednom Taliansku, Tchaj-wanský úspech. Adaptácia živelného priemyslu kríze. Tuniský príklad. Typy ind...
Guardado en:
| Autor principal: | |
|---|---|
| Formato: | Capítulo de libro |
| Lenguaje: | francés |
| Materias: | |
| Etiquetas: |
Sin Etiquetas, Sea el primero en etiquetar este registro!
|
MARC
| LEADER | 00000naa a2200000 4500 | ||
|---|---|---|---|
| 001 | r008269 | ||
| 005 | 20220913125121.1 | ||
| 041 | 0 | |a fre | |
| 044 | |a FR | ||
| 245 | 1 | 0 | |a L'industrialisation spontaneé dans les régions périphériques du Nord et du Sud. |c J.-P. Houssel |
| 520 | |a Zvláštnosti priemyslu v okrajových regiónoch sveta. Ich zložky a rozdiely. Priemysel vo vidieckom prostredí a jeho zvláštnosti. Industrializačné vlny do krízy v r. 1974. Živelná industrializácia v strednom Taliansku, Tchaj-wanský úspech. Adaptácia živelného priemyslu kríze. Tuniský príklad. Typy industrializácie v latinskej Európe v 80. rokoch. (Histoire de développement 1991, č.15). | ||
| 610 | 2 | 0 | |a industrializácia |
| 610 | 2 | 0 | |a priemysel |
| 610 | 2 | 0 | |a rozvoj hospodársky |
| 610 | 2 | 0 | |a zóny |
| 610 | 2 | 0 | |a vývoj hospodársky |
| 610 | 2 | 0 | |a sever |
| 610 | 2 | 0 | |a juh |
| 100 | 1 | |a Houssel, J.-P. | |